[Event "DVM U12 2003"]
[Site "Verden/Aller GER"]
[Date "2003.12.27"]
[Round "2"]
[White "Friedrich, Wiede"]
[Black "Lorenz, Nicole"]
[Result "1-0"]
[Termination "normal"]
[Board "4.2"]
[WhiteElo "1462"]
[BlackElo "1375"]
[WhiteTeam "USV Potsdam"]
[BlackTeam "USV TU Dresden"]
[PlyCount "57"]
[WhiteFideId "24629537"]
[BlackFideId "24623709"]
[EventCountry "GER"]
[EventRounds "7"]
[EventType "team-swiss"]
[EventDate "2003.12.26"]

1. e4 c5 2. c4 Nc6 3. b3 Nf6 4. d3 e6 5. Bb2 d6 6. Nd2 Be7 7. Be2 O-O 8. f4 Qc7
9. Ngf3 b6 10. O-O Bb7 11. Qc2 Ng4 12. Qc1 Bf6 13. h3 Bxb2 14. Qxb2 Nf6 15. Ne1
Rab8 16. Nc2 Qe7 17. g4 h6 18. Nf3 a6 19. Ne3 b5 20. Kh1 Ba8 21. Rg1 Nd7 22. g5
hxg5 23. Rxg5 f6 24. Rg3 f5 25. Rag1 Rf7 26. Ng5 Rff8 27. Nxe6 Kh8 28. Rxg7 Qf6
29. R7g6 1-0

[Event "DVM U12 2003"]
[Site "Verden/Aller GER"]
[Date "2003.12.27"]
[Round "2"]
[White "Osmanodja, Bilgin"]
[Black "Peter, Tizian"]
[Result "1-0"]
[Termination "normal"]
[Board "4.3"]
[WhiteElo "1347"]
[BlackElo "1209"]
[WhiteTeam "USV TU Dresden"]
[BlackTeam "USV Potsdam"]
[PlyCount "125"]
[EventCountry "GER"]
[EventRounds "7"]
[EventType "team-swiss"]
[EventDate "2003.12.26"]

1. e4 e5 2. Nf3 Nc6 3. Bb5 Bc5 4. c3 Nf6 5. O-O O-O 6. d4 exd4 7. cxd4 Be7 8.
d5 Nb4 9. a3 Na6 10. Nc3 c6 11. Bc4 Nc5 12. d6 Bxd6 13. Qxd6 Nfxe4 14. Nxe4
Nxe4 15. Qd4 d5 16. Bd3 Bf5 17. Bf4 c5 18. Qe3 Re8 19. Bxe4 Rxe4 20. Qd2 Qf6
21. Bg3 d4 22. Rfe1 Rae8 23. Rxe4 Rxe4 24. Re1 h6 25. Be5 Qg6 26. Bg3 d3 27.
Ne5 Qg5 28. f4 Qh5 29. Nxd3 Rd4 30. Qc3 Bxd3 31. Re5 Qd1+ 32. Be1 Rc4 33. Qa5
b6 34. Qxa7 Re4 35. Qa8+ Kh7 36. Rxe4 f5 37. Re3 Be2 38. Kf2 Bg4 39. Qa6 Qc2+
40. Kf1 Qxb2 41. Qd3 b5 42. h3 c4 43. Qd5 Bh5 44. Qxf5+ Bg6 45. Qe5 Bd3+ 46.
Rxd3 Qxe5 47. fxe5 cxd3 48. Bc3 g6 49. Ke1 Kg8 50. Kd2 Kf7 51. Kxd3 Ke6 52. Kd4
h5 53. Kc5 b4 54. axb4 Kd7 55. b5 g5 56. b6 h4 57. b7 Kc7 58. e6 Kxb7 59. e7
Kc7 60. e8=Q g4 61. Ba5+ Kb7 62. Qc6+ Kb8 63. Kb6 1-0

[Event "DVM U12 2003"]
[Site "Verden/Aller GER"]
[Date "2003.12.27"]
[Round "2"]
[White "Stognief, Ole"]
[Black "Osmanodja, Filiz"]
[Result "0-1"]
[Termination "normal"]
[Board "4.4"]
[WhiteElo "1148"]
[BlackElo "1353"]
[WhiteTeam "USV Potsdam"]
[BlackTeam "USV TU Dresden"]
[PlyCount "86"]
[BlackFideId "24633569"]
[EventCountry "GER"]
[EventRounds "7"]
[EventType "team-swiss"]
[EventDate "2003.12.26"]

1. e4 e5 2. Nf3 Nf6 3. d3 Nc6 4. Be3 d6 5. Nc3 Bg4 6. Be2 Be7 7. O-O O-O 8. d4
exd4 9. Nxd4 Bxe2 10. Qxe2 Nxd4 11. Bxd4 Re8 12. Rfe1 c5 13. Be3 Qc7 14. Bf4
Rad8 15. Nd5 Nxd5 16. exd5 Qd7 17. Qf3 Bf6 18. Rxe8+ Rxe8 19. c3 Be5 20. Bxe5
Rxe5 21. c4 Qa4 22. Qb3 Qxb3 23. axb3 a6 24. f3 f5 25. Ra4 Re2 26. Ra2 Kf7 27.
Kf1 Rd2 28. h3 g5 29. g4 fxg4 30. fxg4 Rh2 31. Ra4 Rxb2 32. Ra3 Rh2 33. Ra1
Rh1+ 34. Kg2 Rxa1 35. Kf3 Ra3 36. Ke4 Rxb3 37. Kf5 h6 38. Ke4 a5 39. Kf5 a4 40.
Ke4 a3 41. Kf5 a2 42. Ke4 a1=Q 43. Kf5 Qb1# 0-1

[Event "DVM U12 2003"]
[Site "Verden/Aller GER"]
[Date "2003.12.27"]
[Round "2"]
[White "Moshtael, Wesal"]
[Black "Leschner, Marius"]
[Result "1/2-1/2"]
[Termination "normal"]
[Board "5.2"]
[WhiteElo "1637"]
[BlackElo "1234"]
[WhiteTeam "SK Johanneum Eppendorf"]
[BlackTeam "USG Chemnitz"]
[PlyCount "106"]
[WhiteFideId "24618551"]
[BlackFideId "4613813"]
[EventCountry "GER"]
[EventRounds "7"]
[EventType "team-swiss"]
[EventDate "2003.12.26"]

1. Nf3 e6 2. c4 d5 3. d4 Nf6 4. Nc3 Nc6 5. g3 Be7 6. Bg2 O-O 7. b3 Bb4 8. Bb2
Ne4 9. Rc1 Nxc3 10. Bxc3 Bxc3+ 11. Rxc3 Qe7 12. O-O Bd7 13. Qc2 a5 14. Rc1 f6
15. e4 Nb4 16. Qb1 dxe4 17. Ne1 f5 18. f3 exf3 19. Nxf3 c5 20. Rd1 cxd4 21.
Nxd4 Nc6 22. Nb5 Rfd8 23. Nd6 Bc8 24. c5 Ne5 25. Re3 Nf7 26. Qxf5 Nxd6 27. cxd6
Rxd6 28. Bd5 Raa6 29. Rde1 exd5 30. Qxc8+ Rd8 31. Rxe7 Rxc8 32. Rxb7 a4 33. Kg2
axb3 34. axb3 Rd8 35. Ree7 Rg6 36. Rbd7 Rxd7 37. Rxd7 Rb6 38. Rxd5 Rxb3 39. Rd7
Re3 40. Kf2 Re6 41. Rc7 Kf8 42. Rb7 Re7 43. Rb8+ Kf7 44. Rb6 Re6 45. Rxe6 Kxe6
46. Ke3 Ke5 47. Kf3 Kf5 48. h3 h5 49. Ke3 g5 50. Kf3 g4+ 51. hxg4+ hxg4+ 52.
Ke3 Ke5 53. Kd3 Kd5 1/2-1/2

[Event "DVM U12 2003"]
[Site "Verden/Aller GER"]
[Date "2003.12.27"]
[Round "2"]
[White "Allert, Maximilian"]
[Black "Stellfeld, Tilman"]
[Result "0-1"]
[Termination "normal"]
[Board "5.3"]
[WhiteElo "1315"]
[BlackElo "1180"]
[WhiteTeam "USG Chemnitz"]
[BlackTeam "SK Johanneum Eppendorf"]
[PlyCount "122"]
[BlackFideId "24651311"]
[EventCountry "GER"]
[EventRounds "7"]
[EventType "team-swiss"]
[EventDate "2003.12.26"]

1. e4 c5 2. Nf3 e6 3. Nc3 a6 4. g3 b5 5. Bg2 Nc6 6. O-O Bb7 7. d3 Be7 8. Bf4 d6
9. Qd2 Nf6 10. Rfe1 Qc7 11. a3 Ne5 12. Rab1 Rc8 13. h4 h5 14. Nh2 Neg4 15. Nxg4
Nxg4 16. f3 Nf6 17. e5 Nd7 18. exd6 Bxd6 19. Bxd6 Qxd6 20. Kh2 Qd4 21. Qe3 Nf6
22. Qxd4 cxd4 23. Ne4 Nxe4 24. dxe4 Rxc2 25. Kh3 Ke7 26. e5 Rd8 27. Rec1 d3 28.
Rxc2 dxc2 29. Rc1 Rc8 30. g4 g6 31. Kg3 f6 32. exf6+ Kxf6 33. Bf1 hxg4 34. Kxg4
Bd5 35. Bd3 Bb3 36. Kf4 e5+ 37. Kg4 Be6+ 38. Kg3 Bf5 39. Bxf5 Kxf5 40. Kf2 Kf4
41. Ke2 a5 42. Kf2 b4 43. axb4 axb4 44. Ke2 b3 45. Kf2 Rd8 46. Ke2 Rd4 47. Ra1
Rd1 48. Rxd1 cxd1=Q+ 49. Kxd1 Kxf3 50. Kd2 e4 51. Kc3 e3 52. Kxb3 e2 53. Kc4
e1=Q 54. b4 Qe4+ 55. Kc5 Qb7 56. b5 Ke4 57. Kc4 Qd5+ 58. Kb4 Kd4 59. Ka3 Qxb5
60. h5 Kc3 61. hxg6 Qb3# 0-1

[Event "DVM U12 2003"]
[Site "Verden/Aller GER"]
[Date "2003.12.27"]
[Round "2"]
[White "Schmitt, Philipp"]
[Black "Borgmeyer, Max"]
[Result "1/2-1/2"]
[Termination "normal"]
[Board "6.1"]
[WhiteElo "1446"]
[BlackElo "1678"]
[WhiteTeam "SF Bad Mergentheim"]
[BlackTeam "Königsspringer Hamburg"]
[PlyCount "76"]
[WhiteFideId "24641766"]
[BlackFideId "24615870"]
[EventCountry "GER"]
[EventRounds "7"]
[EventType "team-swiss"]
[EventDate "2003.12.26"]

1. e4 c5 2. Nf3 d6 3. c3 Nf6 4. Be2 b6 5. d4 cxd4 6. Qxd4 Nc6 7. Bb5 Bd7 8.
Bxc6 Bxc6 9. Nbd2 e6 10. O-O Be7 11. e5 dxe5 12. Qxd8+ Rxd8 13. Nxe5 Bb7 14.
Ndf3 O-O 15. Bg5 Nd5 16. Bxe7 Nxe7 17. Rad1 Nd5 18. Nd4 Rc8 19. h3 Nf4 20. f3
f6 21. Nd3 Nxd3 22. Rxd3 Ba6 23. Re3 Bxf1 24. Kxf1 e5 25. Nf5 Rfe8 26. Nd6 Kf8
27. Nxc8 Rxc8 28. Rd3 Ke7 29. Ke2 Rc6 30. Ke3 Rd6 31. Rxd6 Kxd6 32. Ke4 g6 33.
g4 Ke6 34. b3 f5+ 35. gxf5+ gxf5+ 36. Ke3 Kd5 37. Kd3 b5 38. h4 h5 1/2-1/2

[Event "DVM U12 2003"]
[Site "Verden/Aller GER"]
[Date "2003.12.27"]
[Round "2"]
[White "Streich, Justus"]
[Black "Pfleger, Jochen"]
[Result "1/2-1/2"]
[Termination "normal"]
[Board "6.2"]
[WhiteElo "1322"]
[BlackElo "1214"]
[WhiteTeam "Königsspringer Hamburg"]
[BlackTeam "SF Bad Mergentheim"]
[PlyCount "91"]
[WhiteFideId "24697168"]
[BlackFideId "24641634"]
[EventCountry "GER"]
[EventRounds "7"]
[EventType "team-swiss"]
[EventDate "2003.12.26"]

1. e4 e6 2. d4 d5 3. Nc3 Bb4 4. e5 c5 5. Qg4 g6 6. a3 Bxc3+ 7. bxc3 c4 8. Nf3
Qa5 9. Bd2 Qa4 10. Kd1 Qb5 11. Kc1 Nd7 12. Be2 Nb6 13. Qf4 h6 14. Be3 Na4 15.
Rb1 Nxc3 16. Rxb5 Nxe2+ 17. Kd2 Nxf4 18. Bxf4 b6 19. Rhb1 Ba6 20. R5b4 g5 21.
Bg3 Ne7 22. a4 Nc6 23. R4b2 Na5 24. c3 Nb3+ 25. Ke3 O-O 26. Nd2 Nxd2 27. Kxd2
h5 28. h4 g4 29. Bf4 f6 30. Ke3 fxe5 31. Bxe5 Rf5 32. Bf4 Raf8 33. g3 Kh7 34.
Ra1 Kg6 35. a5 b5 36. Re1 Kf7 37. Rbe2 Bc8 38. Kd2 Ke7 39. Kc2 Re8 40. Kb2 Kd7
41. Ka3 Kc6 42. Kb4 a6 43. Re5 Ref8 44. R1e2 Rxe5 45. Rxe5 Rf5 46. Re3 1/2-1/2

[Event "DVM U12 2003"]
[Site "Verden/Aller GER"]
[Date "2003.12.27"]
[Round "2"]
[White "Tses, Evangelos"]
[Black "Akram, Shumon"]
[Result "1-0"]
[Termination "normal"]
[Board "6.3"]
[WhiteElo "1062"]
[BlackElo "1148"]
[WhiteTeam "SF Bad Mergentheim"]
[BlackTeam "Königsspringer Hamburg"]
[PlyCount "55"]
[BlackFideId "24697184"]
[EventCountry "GER"]
[EventRounds "7"]
[EventType "team-swiss"]
[EventDate "2003.12.26"]

1. d4 d5 2. c4 e6 3. e3 Nf6 4. Nc3 c6 5. Nf3 Nbd7 6. Bd3 Bd6 7. b3 O-O 8. O-O
Re8 9. Bc2 e5 10. c5 Bc7 11. Bb2 e4 12. Nd2 Nf8 13. f3 exf3 14. Qxf3 Bg4 15.
Qf2 Qe7 16. Rae1 Ng6 17. e4 dxe4 18. Ndxe4 Rad8 19. Nxf6+ Qxf6 20. Qxf6 gxf6
21. Ne4 Kg7 22. d5 Rxd5 23. Nxf6 Rxe1 24. Rxe1 Rxc5 25. Nxg4+ Kg8 26. Re8+ Nf8
27. Nf6+ Kg7 28. Nd7+ 1-0

[Event "DVM U12 2003"]
[Site "Verden/Aller GER"]
[Date "2003.12.27"]
[Round "2"]
[White "Steinfeldt, Henry"]
[Black "Popp, Eduard"]
[Result "1/2-1/2"]
[Termination "normal"]
[Board "6.4"]
[WhiteElo "1063"]
[BlackElo "1095"]
[WhiteTeam "Königsspringer Hamburg"]
[BlackTeam "SF Bad Mergentheim"]
[PlyCount "128"]
[WhiteFideId "24697176"]
[EventCountry "GER"]
[EventRounds "7"]
[EventType "team-swiss"]
[EventDate "2003.12.26"]

1. e4 e6 2. d4 e5 3. dxe5 Nc6 4. Nf3 d6 5. exd6 Bxd6 6. Nc3 Nf6 7. Bd3 O-O 8.
Bg5 Qe7 9. Nd5 Qe6 10. Nxf6+ gxf6 11. Bh6 Re8 12. O-O f5 13. Qd2 fxe4 14. Rfe1
f5 15. b3 Qg6 16. Bc4+ Be6 17. Nh4 Qh5 18. Bxe6+ Rxe6 19. Qg5+ Qxg5 20. Bxg5 h6
21. Bd2 Nd4 22. Red1 Nxc2 23. Rac1 e3 24. fxe3 Nxe3 25. Bxe3 Rxe3 26. Nxf5 Re6
27. Re1 Bc5+ 28. Kf1 Rxe1+ 29. Kxe1 Bb4+ 30. Kd1 Rd8+ 31. Ke2 Rd2+ 32. Kf3 Rd3+
33. Kg4 Kh7 34. Rxc7+ Kg6 35. Rxb7 h5+ 36. Kf4 Bd6+ 37. Nxd6 Rxd6 38. Rxa7 Kf6
39. a4 Rd4+ 40. Ke3 Rb4 41. a5 Ke5 42. a6 Rxb3+ 43. Kd2 Kd4 44. Rd7+ Ke4 45. a7
Ra3 46. Kc2 Ke3 47. Kb2 Ra5 48. Kb3 Kf2 49. Kb4 Ra1 50. Kb5 Kxg2 51. Kb6 Kxh2
52. Rd8 Rb1+ 53. Kc7 Rc1+ 54. Kd7 Rd1+ 55. Ke7 Re1+ 56. Kf7 Ra1 57. a8=Q Rxa8
58. Rxa8 h4 59. Kg6 h3 60. Kg5 Kg3 61. Ra3+ Kg2 62. Ra2+ Kg1 63. Kg4 h2 64.
Rxh2 Kxh2 1/2-1/2

[Event "DVM U12 2003"]
[Site "Verden/Aller GER"]
[Date "2003.12.27"]
[Round "2"]
[White "Hobusch, Alexander"]
[Black "Gölz, Daniel"]
[Result "1/2-1/2"]
[Termination "normal"]
[Board "7.1"]
[WhiteElo "1771"]
[BlackElo "1643"]
[WhiteTeam "SG Bochum 1931"]
[BlackTeam "SK Feilbingert"]
[PlyCount "44"]
[WhiteFideId "24611387"]
[BlackFideId "24626325"]
[EventCountry "GER"]
[EventRounds "7"]
[EventType "team-swiss"]
[EventDate "2003.12.26"]

1. d4 d5 2. Nf3 Nf6 3. c4 e6 4. Nc3 c6 5. cxd5 exd5 6. Qc2 Bd6 7. Bg5 Be6 8. e3
Nbd7 9. Bd3 h6 10. Bh4 Qc7 11. Bg3 O-O 12. O-O Bxg3 13. hxg3 Rfc8 14. Rfc1 Nb6
15. Na4 Nfd7 16. Nxb6 Qxb6 17. b3 Rc7 18. Qd2 c5 19. dxc5 Nxc5 20. Nd4 Rac8 21.
Bc2 a6 22. a3 Ne4 1/2-1/2

[Event "DVM U12 2003"]
[Site "Verden/Aller GER"]
[Date "2003.12.27"]
[Round "2"]
[White "Cornish, Alexander"]
[Black "Mazarov, Jürgen"]
[Result "0-1"]
[Termination "normal"]
[Board "7.2"]
[WhiteElo "1201"]
[BlackElo "1728"]
[WhiteTeam "SK Feilbingert"]
[BlackTeam "SG Bochum 1931"]
[PlyCount "112"]
[BlackFideId "24617768"]
[EventCountry "GER"]
[EventRounds "7"]
[EventType "team-swiss"]
[EventDate "2003.12.26"]

1. e4 e5 2. Nf3 Nf6 3. Nc3 Bb4 4. a3 Ba5 5. b4 Bb6 6. Nxe5 O-O 7. Bc4 Qe7 8.
Nf3 Nxe4 9. O-O Nxc3 10. dxc3 Kh8 11. Re1 Qd8 12. Be3 d6 13. h3 Bf5 14. Qd5
Bxc2 15. Qxb7 Nd7 16. Rac1 Bg6 17. Qd5 Nf6 18. Qd2 Qd7 19. Bb3 Rfe8 20. a4 Bxe3
21. Rxe3 Rxe3 22. Qxe3 c6 23. Re1 Re8 24. Qd2 Ne4 25. Qe3 f6 26. Nd2 Ng5 27.
Ne4 Rxe4 28. Qd2 Rxe1+ 29. Qxe1 h6 30. f4 Nf7 31. Be6 Qe7 32. f5 Bxf5 33. Kf1
Qxe6 34. Qxe6 Bxe6 35. Ke2 Kh7 36. Ke3 Ng5 37. h4 Nf7 38. g3 Kg6 39. Kf4 Kh5
40. a5 g5+ 41. hxg5 fxg5+ 42. Kf3 Bd5+ 43. Kf2 Kg4 44. a6 h5 45. b5 cxb5 46. c4
bxc4 47. Kf1 Kxg3 48. Kg1 c3 49. Kf1 c2 50. Ke2 c1=Q 51. Kd3 Qc4+ 52. Ke3 Ne5
53. Kd2 Qd3+ 54. Kc1 Qe2 55. Kb1 Bb3 56. Kc1 Qc2# 0-1

[Event "DVM U12 2003"]
[Site "Verden/Aller GER"]
[Date "2003.12.27"]
[Round "2"]
[White "Ryvkin, Leonid"]
[Black "Gertenbach, Robin"]
[Result "1-0"]
[Termination "normal"]
[Board "7.3"]
[WhiteElo "1173"]
[BlackElo "1117"]
[WhiteTeam "SG Bochum 1931"]
[BlackTeam "SK Feilbingert"]
[PlyCount "98"]
[EventCountry "GER"]
[EventRounds "7"]
[EventType "team-swiss"]
[EventDate "2003.12.26"]

1. e4 e5 2. Nf3 Nc6 3. Bc4 Bc5 4. c3 Nf6 5. d4 exd4 6. cxd4 Bb4+ 7. Nc3 Nxe4 8.
O-O Bxc3 9. bxc3 Nxc3 10. Qb3 Ne4 11. Re1 f5 12. Ba3 d6 13. Nd2 Qe7 14. Bd5
Nxd4 15. Qa4+ c6 16. Bxe4 fxe4 17. Qxd4 c5 18. Qc4 Bf5 19. Nxe4 O-O-O 20. Ng3
Qf6 21. Nxf5 Qxf5 22. Qe6+ Qxe6 23. Rxe6 b6 24. Rd1 Kc7 25. Bb2 Rd7 26. Bxg7
Rxg7 27. Rexd6 Rg6 28. Rd7+ Kb8 29. Re7 a6 30. Rdd7 Rh6 31. g3 c4 32. a4 Kc8
33. Rg7 Rh5 34. Rc7+ Kb8 35. Rxc4 b5 36. axb5 Rxb5 37. h4 Rb7 38. Rg5 Rc8 39.
Ra4 Rb5 40. Rxa6 Rxg5 41. hxg5 Rg8 42. Rh6 Rg7 43. f4 Kc7 44. f5 Kd7 45. Kg2
Rxg5 46. Rxh7+ Ke8 47. f6 Rg8 48. f7+ Kf8 49. fxg8=Q+ Kxg8 1-0

[Event "DVM U12 2003"]
[Site "Verden/Aller GER"]
[Date "2003.12.27"]
[Round "2"]
[White "Vollmer, Jürgen"]
[Black "Biller, Nikklas"]
[Result "1-0"]
[Termination "normal"]
[Board "8.1"]
[WhiteElo "1460"]
[BlackElo "1248"]
[WhiteTeam "SC Rastatt"]
[BlackTeam "Wilhelmshavener SF"]
[PlyCount "59"]
[EventCountry "GER"]
[EventRounds "7"]
[EventType "team-swiss"]
[EventDate "2003.12.26"]

1. d4 d5 2. Nf3 Nf6 3. e3 Bf5 4. c4 e6 5. Nc3 Bb4 6. Qb3 Nc6 7. Bd2 O-O 8. Be2
Re8 9. O-O Ne4 10. Nxe4 dxe4 11. Bxb4 Bg4 12. Bc3 Bxf3 13. gxf3 exf3 14. Bxf3
Qg5+ 15. Kh1 Rab8 16. Rg1 Qf5 17. Qd1 Ne7 18. d5 e5 19. e4 Qf6 20. Rg3 Ng6 21.
Qd2 Rbd8 22. Qg5 Rd6 23. Qe3 b6 24. a3 Rf8 25. Bb4 c5 26. dxc6 Rxc6 27. Bxf8
Kxf8 28. Qd3 Rc8 29. b3 Nf4 30. Qd2 1-0

[Event "DVM U12 2003"]
[Site "Verden/Aller GER"]
[Date "2003.12.27"]
[Round "2"]
[White "Kallusky, Nicolas"]
[Black "Hietter, Marc-Aurel"]
[Result "0-1"]
[Termination "normal"]
[Board "8.2"]
[WhiteElo "837"]
[BlackElo "1198"]
[WhiteTeam "Wilhelmshavener SF"]
[BlackTeam "SC Rastatt"]
[PlyCount "92"]
[EventCountry "GER"]
[EventRounds "7"]
[EventType "team-swiss"]
[EventDate "2003.12.26"]

1. d4 e6 2. Nc3 d5 3. Bf4 Bd6 4. Bg3 Nc6 5. Nf3 Nf6 6. e3 Bxg3 7. hxg3 Bd7 8.
Bd3 g6 9. Qd2 Qe7 10. O-O-O e5 11. Rde1 e4 12. Ne5 exd3 13. Qxd3 Nxe5 14. dxe5
Qxe5 15. e4 O-O 16. exd5 Qg5+ 17. Kb1 Rfe8 18. Ne4 Nxe4 19. Rxe4 Rxe4 20. Qxe4
Re8 21. Qd4 Qh5 22. Rd1 c6 23. dxc6 Bxc6 24. b3 Bxg2 25. Rg1 Qd5 26. Qxa7 Be4
27. Qa4 Rc8 28. Rc1 Bxc2+ 29. Kb2 Qe5+ 30. Ka3 Qc5+ 31. Kb2 b5 32. Qa5 Rc7 33.
Qd2 Qe5+ 34. Ka3 Ra7+ 35. Kb4 Qe4+ 36. Kc3 b4+ 37. Kb2 Qe5+ 38. Kxc2 Rxa2+ 39.
Kd1 Rxd2+ 40. Kxd2 Qd5+ 41. Ke3 Qxb3+ 42. Ke4 Qe6+ 43. Kf4 b3 44. Kg5 b2 45.
Rb1 Qf5+ 46. Kh4 Qxb1 0-1

[Event "DVM U12 2003"]
[Site "Verden/Aller GER"]
[Date "2003.12.27"]
[Round "2"]
[White "Kordts, Florian"]
[Black "Rubin, Christian"]
[Result "1/2-1/2"]
[Termination "normal"]
[Board "9.1"]
[WhiteElo "1400"]
[BlackElo "1377"]
[WhiteTeam "SC Postbauer-Heng"]
[BlackTeam "SV Oberkochen"]
[PlyCount "63"]
[WhiteFideId "24626856"]
[EventCountry "GER"]
[EventRounds "7"]
[EventType "team-swiss"]
[EventDate "2003.12.26"]

1. c4 e5 2. Nc3 Nc6 3. g3 Nf6 4. Bg2 d6 5. Nf3 Bf5 6. d3 Be7 7. O-O O-O 8. Rb1
a6 9. b4 e4 10. Nh4 Bd7 11. dxe4 Ne5 12. Nf3 Nxc4 13. Qd4 Nb6 14. e5 dxe5 15.
Nxe5 Rb8 16. Nxd7 Qxd7 17. Qxd7 Nfxd7 18. Bf4 Rfc8 19. Nd5 Nxd5 20. Bxd5 Nf6
21. Bg2 Ne8 22. Be3 Nd6 23. Rbc1 h6 24. a4 c6 25. Bh3 Re8 26. Rcd1 Ne4 27. Rd3
Bg5 28. f4 Bf6 29. Rc1 Rbd8 30. Rb3 Nd2 31. Bxd2 Rxd2 32. Bf1 1/2-1/2

[Event "DVM U12 2003"]
[Site "Verden/Aller GER"]
[Date "2003.12.27"]
[Round "2"]
[White "Dinger, Solvejg"]
[Black "Riexinger, Martin"]
[Result "0-1"]
[Termination "normal"]
[Board "9.2"]
[WhiteElo "1248"]
[BlackElo "1289"]
[WhiteTeam "SV Oberkochen"]
[BlackTeam "SC Postbauer-Heng"]
[PlyCount "79"]
[BlackFideId "24674320"]
[EventCountry "GER"]
[EventRounds "7"]
[EventType "team-swiss"]
[EventDate "2003.12.26"]

1. e4 d6 2. Nf3 Nf6 3. Nc3 g6 4. d4 Bg7 5. Be3 O-O 6. Bc4 Nbd7 7. Qd2 Ng4 8.
Bg5 h6 9. Bf4 e5 10. Be3 Nxe3 11. Qxe3 exd4 12. Nxd4 Ne5 13. Bb3 Qf6 14. O-O-O
Ng4 15. Qd2 Qxf2 16. Rhf1 Qxd2+ 17. Rxd2 Nxh2 18. Rf4 h5 19. Ncb5 Bh6 20. g3 c5
21. Ne2 Bg4 22. Nxd6 Bxf4 23. Nxf4 Nf3 24. Rf2 Kg7 25. Bxf7 Rxf7 26. Nxf7 Kxf7
27. Nd3 Kg7 28. Nxc5 b6 29. Nd3 Re8 30. Re2 Ne5 31. Re1 Kf6 32. b3 g5 33. Kb2
h4 34. gxh4 gxh4 35. Rh1 Nxd3+ 36. cxd3 h3 37. Kc3 Rc8+ 38. Kd2 Ke5 39. Ke3 Rc2
40. a4 0-1

[Event "DVM U12 2003"]
[Site "Verden/Aller GER"]
[Date "2003.12.27"]
[Round "2"]
[White "Grimm, Pascal"]
[Black "Glatting, Lisa"]
[Result "1-0"]
[Termination "normal"]
[Board "9.3"]
[WhiteElo "1315"]
[BlackElo "1219"]
[WhiteTeam "SC Postbauer-Heng"]
[BlackTeam "SV Oberkochen"]
[PlyCount "92"]
[WhiteFideId "24620122"]
[BlackFideId "24667617"]
[EventCountry "GER"]
[EventRounds "7"]
[EventType "team-swiss"]
[EventDate "2003.12.26"]

1. c4 e5 2. Nc3 Nf6 3. g3 Bc5 4. Bg2 Nc6 5. d3 d6 6. Nf3 O-O 7. a3 Be6 8. Bg5
h6 9. Bxf6 Qxf6 10. Ne4 Qd8 11. Nxc5 dxc5 12. O-O Rb8 13. Nd2 a6 14. Ne4 b6 15.
Rb1 Qe7 16. Re1 Rfd8 17. Qa4 Bd7 18. Qd1 a5 19. Nc3 Nd4 20. Nd5 Qd6 21. b4 cxb4
22. axb4 axb4 23. Nxb4 Nc6 24. Nd5 Be6 25. Nc3 Bd7 26. Nb5 Qc5 27. Nxc7 Rdc8
28. Na6 Qd6 29. Nxb8 Rxb8 30. Qd2 Nd4 31. e3 Nc6 32. Rb2 Qf6 33. Reb1 Ne7 34.
Qc2 Rb7 35. Bxb7 Be6 36. Rxb6 Qg6 37. Be4 Qf6 38. Rb8+ Nc8 39. Bb7 Kh7 40. Bxc8
Bxc8 41. Rxc8 Qe6 42. d4+ g6 43. Rbb8 Kg7 44. d5 Qd6 45. Rg8+ Kf6 46. Rbc8 Qd7
1-0

[Event "DVM U12 2003"]
[Site "Verden/Aller GER"]
[Date "2003.12.27"]
[Round "2"]
[White "Thewes, Johannes"]
[Black "Bohatschek, Daniel"]
[Result "0-1"]
[Termination "normal"]
[Board "10.1"]
[WhiteElo "943"]
[BlackElo "1231"]
[WhiteTeam "SC Reti Heusweiler"]
[BlackTeam "ZSG GW Waltershausen"]
[PlyCount "62"]
[WhiteFideId "4624823"]
[BlackFideId "4647629"]
[EventCountry "GER"]
[EventRounds "7"]
[EventType "team-swiss"]
[EventDate "2003.12.26"]

1. e4 c5 2. Nc3 Nc6 3. g3 g6 4. Bg2 Bg7 5. d3 Nf6 6. Nf3 d6 7. Bg5 O-O 8. O-O
Rb8 9. Re1 h6 10. Be3 b5 11. a3 a5 12. Qd2 b4 13. axb4 axb4 14. Ne2 Ng4 15.
Reb1 Nxe3 16. Qxe3 Bb7 17. d4 Qb6 18. d5 Na5 19. c3 Nc4 20. Qc1 Ra8 21. Rxa8
Rxa8 22. b3 Na3 23. Ra1 Ba6 24. Nf4 Rb8 25. Ra2 Bxc3 26. Rxa3 bxa3 27. Qxc3
Qxb3 28. Qxb3 Rxb3 29. Nd2 Rb2 30. Bf1 Bxf1 31. Nxf1 a2 0-1

[Event "DVM U12 2003"]
[Site "Verden/Aller GER"]
[Date "2003.12.27"]
[Round "2"]
[White "Helmund, Thomas"]
[Black "Zimmer, Dominic"]
[Result "1-0"]
[Termination "normal"]
[Board "10.2"]
[WhiteElo "1224"]
[BlackElo "759"]
[WhiteTeam "ZSG GW Waltershausen"]
[BlackTeam "SC Reti Heusweiler"]
[PlyCount "49"]
[WhiteFideId "4647882"]
[EventCountry "GER"]
[EventRounds "7"]
[EventType "team-swiss"]
[EventDate "2003.12.26"]

1. d4 d5 2. c4 dxc4 3. Nc3 Nc6 4. Nf3 Nf6 5. e4 Bg4 6. d5 Bxf3 7. Qxf3 Nb4 8.
Qd1 Qd6 9. Bxc4 O-O-O 10. a3 Na6 11. Qe2 Nc5 12. e5 Qb6 13. exf6 exf6 14. Qg4+
Nd7 15. O-O Qd6 16. Nb5 Qc5 17. Be3 Qe7 18. Rfe1 Re8 19. Kf1 Qe5 20. Bf4 Qxe1+
21. Rxe1 Be7 22. Nxc7 Rd8 23. Rxe7 g6 24. Nb5 f5 25. Nxa7# 1-0

[Event "DVM U12 2003"]
[Site "Verden/Aller GER"]
[Date "2003.12.27"]
[Round "2"]
[White "Sonnhalter, Stella"]
[Black "Schmidt, Lukas"]
[Result "0-1"]
[Termination "normal"]
[Board "10.3"]
[WhiteElo "288"]
[BlackElo "901"]
[WhiteTeam "SC Reti Heusweiler"]
[BlackTeam "ZSG GW Waltershausen"]
[PlyCount "56"]
[WhiteFideId "4624815"]
[EventCountry "GER"]
[EventRounds "7"]
[EventType "team-swiss"]
[EventDate "2003.12.26"]

1. e4 c5 2. d4 cxd4 3. c3 dxc3 4. Nxc3 Nc6 5. Bc4 g6 6. Nf3 Bg7 7. O-O d6 8. h3
Nf6 9. Qe2 O-O 10. Bg5 e6 11. Rfd1 Qb6 12. Rxd6 Qc7 13. Rdd1 a6 14. Rac1 b5 15.
Bb3 Bb7 16. e5 Nd7 17. Rd2 Ndxe5 18. Nxe5 Nxe5 19. Bf4 Qc6 20. f3 Nc4 21. Bxc4
bxc4 22. Ne4 Rad8 23. Rxd8 Rxd8 24. Rxc4 Qd5 25. a3 f5 26. Nf2 Bd4 27. Qd3
Bxf2+ 28. Kxf2 Qxd3 0-1

[Event "DVM U12 2003"]
[Site "Verden/Aller GER"]
[Date "2003.12.28"]
[Round "3"]
[White "Gadschisade, Machmud"]
[Black "Seyb, Alexander"]
[Result "0-1"]
[Termination "normal"]
[Board "1.1"]
[WhiteElo "1496"]
[BlackElo "1841"]
[WhiteTeam "SG Porz"]
[BlackTeam "FSV Großenseebach"]
[PlyCount "42"]
[WhiteFideId "4647734"]
[BlackFideId "4699033"]
[EventCountry "GER"]
[EventRounds "7"]
[EventType "team-swiss"]
[EventDate "2003.12.26"]

1. e4 g6 2. d4 Bg7 3. Nf3 d6 4. Bc4 Nf6 5. Nc3 Nxe4 6. Nxe4 d5 7. Ned2 dxc4 8.
Nxc4 O-O 9. O-O c5 10. dxc5 Qc7 11. c3 Nd7 12. Be3 Nxc5 13. Qe2 Bf5 14. Bxc5
Qxc5 15. Ne3 Be6 16. Rfd1 Rfd8 17. Ne1 a5 18. Nd3 Qc7 19. Qc2 a4 20. c4 a3 21.
Rdc1 Rxd3 0-1